Strengthening disciples : (Record no. 22452)
[ view plain ]
| 000 -LEADER | |
|---|---|
| fixed length control field | 01461nam a22004097a 4500 |
| 003 - CONTROL NUMBER IDENTIFIER | |
| control field | AUA.1 |
| 005 - DATE AND TIME OF LATEST TRANSACTION | |
| control field | 20260226143956.0 |
| 008 - FIXED-LENGTH DATA ELEMENTS--GENERAL INFORMATION | |
| fixed length control field | 190624b ||||| |||| 00| 0 eng d |
| 020 ## - INTERNATIONAL STANDARD BOOK NUMBER | |
| International Standard Book Number | 9780828028493 |
| 040 ## - CATALOGING SOURCE | |
| Transcribing agency | JTL |
| 050 ## - LIBRARY OF CONGRESS CALL NUMBER | |
| Classification number | BV4438 |
| Item number | .O45 2018 |
| 100 ## - MAIN ENTRY--PERSONAL NAME | |
| Personal name | Oliver, Willie |
| 245 ## - TITLE STATEMENT | |
| Title | Strengthening disciples : |
| Remainder of title | reaching families for Jesus / |
| Statement of responsibility, etc | Willie and Elaine Oliver (eds). |
| 250 ## - EDITION STATEMENT | |
| Edition statement | Centennial edition |
| 260 ## - PUBLICATION, DISTRIBUTION, ETC. (IMPRINT) | |
| Place of publication, distribution, etc | Silver Springs, USA : |
| Name of publisher, distributor, etc | Review and Herald Publishing; |
| Date of publication, distribution, etc | c2018. |
| 300 ## - PHYSICAL DESCRIPTION | |
| Extent | 139 p. : |
| Dimensions | 26 cm |
| 650 ## - SUBJECT ADDED ENTRY--TOPICAL TERM | |
| Topical term or geographic name as entry element | Church work with families |
| Form subdivision | Seventh-Day Adventist church |
| 700 ## - ADDED ENTRY--PERSONAL NAME | |
| Personal name | Oliver, Willie |
| Relator term | Editor |
| 700 ## - ADDED ENTRY--PERSONAL NAME | |
| Personal name | Oliver, Elaine |
| Relator term | Editor |
| 700 ## - ADDED ENTRY--PERSONAL NAME | |
| Personal name | Brown, Jeffrey |
| Relator term | Contributor |
| 700 ## - ADDED ENTRY--PERSONAL NAME | |
| Personal name | Chureson, Orathai |
| Relator term | Contributor |
| 700 ## - ADDED ENTRY--PERSONAL NAME | |
| Personal name | Consuegra, Claudio |
| Relator term | Contributor |
| 700 ## - ADDED ENTRY--PERSONAL NAME | |
| Personal name | Consuegra, Pamela |
| Relator term | Contributor |
| 700 ## - ADDED ENTRY--PERSONAL NAME | |
| Personal name | Evans, Larry |
| Relator term | Contributor |
| 700 ## - ADDED ENTRY--PERSONAL NAME | |
| Personal name | Fawzy, Amal |
| Relator term | Contributor |
| 700 ## - ADDED ENTRY--PERSONAL NAME | |
| Personal name | Fischer, Trafford |
| Relator term | Contributor |
| 700 ## - ADDED ENTRY--PERSONAL NAME | |
| Personal name | Flowers, Karen |
| Relator term | Contributor |
| 700 ## - ADDED ENTRY--PERSONAL NAME | |
| Personal name | Flowers, Ron |
| Relator term | Contributor |
| 700 ## - ADDED ENTRY--PERSONAL NAME | |
| Personal name | Holford, Karen |
| Relator term | Contributor |
| 700 ## - ADDED ENTRY--PERSONAL NAME | |
| Personal name | Liberanskaya, Askeniya |
| Relator term | Contributor |
| 700 ## - ADDED ENTRY--PERSONAL NAME | |
| Personal name | Mihakec, Gabor |
| Relator term | Contributor |
| 700 ## - ADDED ENTRY--PERSONAL NAME | |
| Personal name | Sedlacek, David |
| Relator term | Contributor |
| 700 ## - ADDED ENTRY--PERSONAL NAME | |
| Personal name | Sedlacek, Beverly |
| Relator term | Contributor |
| 700 ## - ADDED ENTRY--PERSONAL NAME | |
| Personal name | Youngberg, John |
| Relator term | Contributor |
| 700 ## - ADDED ENTRY--PERSONAL NAME | |
| Personal name | Youngberg, Millie |
| Relator term | Contributor |
| 942 ## - ADDED ENTRY ELEMENTS (KOHA) | |
| Source of classification or shelving scheme | Library of Congress Classification |
| Koha item type | Books |
| Classification part | BV 4438 |
| Item part | .O45 2018 |
| Withdrawn status | Lost status | Source of classification or shelving scheme | Damaged status | Not for loan | Collection code | Home library | Current library | Shelving location | Date acquired | Source of acquisition | Cost, normal purchase price | Serial Enumeration / chronology | Full call number | Barcode | Date last seen | Cost, replacement price | Price effective from | Koha item type |
|---|---|---|---|---|---|---|---|---|---|---|---|---|---|---|---|---|---|---|
| Library of Congress Classification | Books | Judith Thomas Library | Judith Thomas Library | General Stacks | 24/06/2019 | Donation, General Conference of the Seventh-day Adventists | 10.00 | AUA25246 | BV 4438 .O45 2018 | AUA25246 | 24/06/2019 | 10.00 | 24/06/2019 | Books |